Major Australian Airlines - Statistics

General Stats
  • This quiz has been taken 25 times
    10 since last reset
  • The average score is 6 of 12
Answer Stats
Airline % Correct
Jetstar
100%
Qantas
100%
Regional Express
89%
Virgin Australia
78%
Qantas Link
67%
Alliance Airlines
33%
Link Airways
33%
Air North
22%
Fly Pelican
22%
Sky Trans
11%
Aerlink
0%
National Jet Express
0%
No matching quizzes found
Score Distribution
Percent of People with Each Score
Percentile by Number Answered
Your Score History
You have not taken this quiz since the last reset